Most Popular UK sports - Statistics

General Stats
  • This quiz has been taken 428 times
  • The average score is 6 of 10
Answer Stats
Hint Answer % Correct
Football
91%
Cricket
89%
Rugby
89%
Tennis
84%
Golf
62%
Field Hockey
57%
Basketball
52%
Badminton
39%
Baseball
23%
Wrestling
9%
No matching quizzes found
Score Distribution
Percent of People with Each Score
Percentile by Number Answered
Your Score History
You have not taken this quiz